000 00943nam a2200337Ia 4500
003 OSt
005 20220912151321.0
006 a|||||r|||| 00| 0
007 ta
008 220909b |||||||| |||| 00| 0 eng d
020 _a0824793420 (hbd)
024 _a4219
037 _bShankar,
037 _cTextual
040 _aCSL
_beng
_cCSL
041 _aeng
082 _aB2812g, N6
100 _aPatel Jagdish K
245 0 _aHandbook of the normal distribution
250 _a2
260 _aNew York Marcel Dekker, Inc
_c1996
300 _aix,431p
490 _aStatistics: textbooks and monographs; 150
500 _aIncludes bibliographical references; Index 427-431p
650 _a Distribution theory
650 _a Handbook
650 _aStatistics-Probability
700 _a Read Campbell B
942 _hB2812g, N6
_cTEXL
_2CC
999 _c65855
_d65855